| 000 | 00628nam a22002177a 4500 | ||
|---|---|---|---|
| 003 | SISC | ||
| 005 | 20160303103125.0 | ||
| 008 | 130724t xxu||||| |||| 00| 0 eng d | ||
| 020 | _a08049-00671 | ||
| 050 |
_aPZ 8.1 _b.V858 1965 |
||
| 082 |
_aCLA V83a _b19 |
||
| 100 | V |
_aVivian, Charles E. _93679 |
|
| 245 |
_aThe Adventures of Robin Hood / _cE. Charles Vivian. |
||
| 260 |
_aNew York : _bAirmont Publishing Company, _cc1965. |
||
| 300 |
_a160p ; _c19 cm. |
||
| 562 | _e1 | ||
| 650 |
_aAdventures and adventurers--Fiction _93355 |
||
| 650 |
_aChildren's literature _91986 |
||
| 942 |
_2lcc _cBK |
||
| 999 |
_c7705 _d7705 |
||